The potentials of cross-border tourism development in the Lower-Tisa Valley

Elmentve itt :
Bibliográfiai részletek
Szerzők: Tóth Bettina
Vida György
Lados Gábor
Kovács Zoltán
Dokumentumtípus: Cikk
Megjelent: 2020
Sorozat:GEOJOURNAL OF TOURISM AND GEOSITES 28 No. 1
Tárgyszavak:
doi:10.30892/gtg.28128-475

mtmt:31250135
Online Access:http://publicatio.bibl.u-szeged.hu/34278
LEADER 00831nab a2200241 i 4500
001 publ34278
005 20240723094011.0
008 240723s2020 hu o 000 eng d
022 |a 2065-1198 
024 7 |a 10.30892/gtg.28128-475  |2 doi 
024 7 |a 31250135  |2 mtmt 
040 |a SZTE Publicatio Repozitórium  |b hun 
041 |a eng 
100 1 |a Tóth Bettina 
245 1 4 |a The potentials of cross-border tourism development in the Lower-Tisa Valley  |h [elektronikus dokumentum] /  |c  Tóth Bettina 
260 |c 2020 
300 |a 360-375 
490 0 |a GEOJOURNAL OF TOURISM AND GEOSITES  |v 28 No. 1 
650 4 |a Társadalom- és gazdaságföldrajz 
700 0 1 |a Vida György  |e aut 
700 0 1 |a Lados Gábor  |e aut 
700 0 1 |a Kovács Zoltán  |e aut 
856 4 0 |u http://publicatio.bibl.u-szeged.hu/34278/1/gtg.28128-475.pdf  |z Dokumentum-elérés